000 00473nam a2200181Ia 4500
001 10768
005 20260306161856.0
008 260306t1983||||xx |||||||||||||| ||spa||
041 _aESP
082 _a949.4
_bO36
100 _aOficina Suiza de Expansión Comercial
_eAUT
245 0 _aLa significación del paisaje. Suiza, tierra de vacaciones
260 _c1983
300 _a119 páginas :
_c21 cm.
650 _aGEN
654 _aCHU
942 _cLIB
_dJUS
_fJUS
_2ddc
_n
999 _c10768
_d10768